01334 2200181 4500001002100000005001500021035002000036245007000056100001500126250001700141300002900158260002900187082001300216084001900229020002200248650002400270520085800294INLIS00000000000048920240807100745 a0010-08240000071 aPanduan Praktis Pertolongan Pertama Pada Kecelakaan /cAgus Salim0 aAgus Salim acetakan ke-1 a100 hlm :bilus ;c21 cm aBandung :bNuansa,c2007 a616.0252 a616.0252 AGU p a978-979-136-201-6 4aPertolongan Pertama aBuku yang disusun secara sederhana ini bukan ditujukan untuk memberi pengetahuan bagaimana cara menghindari kecelakaan.la lebih ditujukan kepada pengetahuan pada tindak-pertolongan pertama yang harus dilakukan jika mengalami atau menemui kecelakaan. Langkah dan tindakan-tindakan yang dipaparkan tidak ditujukan untuk memberikan pertolongan yang sebenarnya, karena hal tersebut adalah kompetensi dari dokter dan tenaga-tenaga medis lainnya. Hanya sebatas pada pertolongan dini ketika sedang me- nunggu penanganan medis yang se- benarnya. Upaya atau tindakan pertolongan pada tingkat dini mempunyai kegunaan untuk mengurangi rasa sakit yang diderita oleh korban atau penderita, menghambat kemungkinan dan keadaan yang membuat korban atau penderita menjadi semakin parah, memberikan jaminan keselamatan sementara terhadap jiwa korban dan sebagainya.